Silové riadenia pružného robota

Bibliographic Details
Main Author: Suchý, Jozef (Author)
Format: Article
Language:Slovak
PhysicalDescription:Obr. 2, lit. 6 zázn. v angl., nem., slov.
Subjects:

MARC

LEADER 00000nab a2200000 a 4500
001 vtls000628291
003 SK-MaSNL
005 20260304093601.0
008 250425c1997 xo 0 slo
015 |a SNBRB19rr/mm-uuuuu 
035 |a CL0628430 
035 |a urn:nbn:sk:snk-abbqvm 
035 |a (urnnbn)urn:nbn:sk:snk:ar-0010g7 
035 |a (uuid)dd67e563-c912-4a7b-b758-3b7171cc3846 
040 |a SNKBUCL  |b slo  |c SNKBUCL  |e AACR2 
041 0 |a slo 
044 |a xo  |c SK 
080 |a 681.532.6:007.52:62-52  |2 1981 
080 |a 007.52  |2 1981 
080 |a 62-52  |2 1981 
100 1 |a Suchý, Jozef  |4 aut  |9 401200 
245 1 0 |a Silové riadenia pružného robota  |c Jozef Suchý 
300 |b Obr. 2, lit. 6 zázn. v angl., nem., slov. 
500 |a Životopisné údaje 
650 0 7 |a elastické roboty  |2 SNK  |9 989380 
650 0 7 |a silové riadenie  |2 SNK  |9 1388848 
655 7 |a články z novín a časopisov  |2 SNK  |9 267496 
773 0 |t AT&P journal  |g Roč. 4, č. 3 (1997), s. 53-54 
850 |a Slovenská národná knižnica 
852 |a Slovenská národná knižnica 
954 |a odborná, vedecká literatúra pôvodná (slovenská)  |2 lita 
958 |a article15 
958 |a NB 
958 |a RK 
958 |a OND 
958 |a EUIPO 
992 |a RBX 
999 |c 2823749  |d 2825679